|
|
|
|
| LEADER |
00000cam a2200000 7i4500 |
| 001 |
0000053313 |
| 005 |
20210722093000.0 |
| 008 |
040202s2005 cauab b 001 0 eng |
| 020 |
|
|
|a 0534420664
|
| 020 |
|
|
|a 9780534420666
|
| 090 |
0 |
0 |
|a QH541
|b .O3 2005
|
| 100 |
1 |
|
|a Odum, Eugene Pleasants ,
|d 1913- ,
|e author
|
| 245 |
1 |
0 |
|a Fundamentals of ecology
|c Eugene P. Odum, Gary W. Barrett
|
| 250 |
|
|
|a 5th ed
|
| 260 |
|
|
|a Belmont, CA :
|b Thomson Brooks/Cole ,
|c c2005
|
| 300 |
|
|
|a xviii, 598 p. :
|b ill. (some col), maps ;
|c 27 cm.
|
| 504 |
|
|
|a Includes bibliographical references (p. 535-581) and index
|
| 505 |
0 |
|
|a 1. The scope of ecology -- 2. The ecosystem -- 3. Energy in ecological systems -- 4. Biogeochemical cycles -- 5. Limiting and regulatory factors -- 6. Population ecology -- 7. Community ecology -- 8. Ecosystem development -- 9. Landscape ecology -- 10. Regional ecology: major ecosystem types and biomes -- 11. Global ecology -- 12. Statistical thinking for students of ecology
|
| 650 |
|
0 |
|a Ecology
|
| 700 |
1 |
|
|a Barrett, Gary W. ,
|e author
|
| 999 |
|
|
|a 1000112893
|b Book
|c OPEN SHELF (30 DAYS)
|e Tembila Campus
|